Sức bền vật liệu

Bộ sách bao gồm 2 tập. Tập 1 gồm 13 chương: Trạng thái ứng suất; Trạng thái biến dạng; Đặc trưng hình học của một hình phẳng; Thanh, nội lực trong thanh; Bài toán uốn cộng kéo; Bài toán uốn ngang phẳng......

Ausführliche Beschreibung

Gespeichert in:
Bibliographische Detailangaben
1. Verfasser: Lê, Quang Minh
Format: Buch
Sprache:Undetermined
Veröffentlicht: Hà Nội Giáo dục 2007
Schlagworte:
Tags: Tag hinzufügen
Keine Tags, Fügen Sie den ersten Tag hinzu!
Thư viện lưu trữ: Trung tâm Học liệu Trường Đại học Cần Thơ
LEADER 00865nam a2200205Ia 4500
001 CTU_142045
008 210402s9999 xx 000 0 und d
020 |c 34500 
082 |a 620.112 
082 |b M312/T.1 
100 |a Lê, Quang Minh 
245 0 |a Sức bền vật liệu 
245 0 |c Lê Quang Minh, Nguyễn Văn Vượng 
260 |a Hà Nội 
260 |b Giáo dục 
260 |c 2007 
520 |a Bộ sách bao gồm 2 tập. Tập 1 gồm 13 chương: Trạng thái ứng suất; Trạng thái biến dạng; Đặc trưng hình học của một hình phẳng; Thanh, nội lực trong thanh; Bài toán uốn cộng kéo; Bài toán uốn ngang phẳng... 
650 |a Strength of materials 
904 |i Giang 
980 |a Trung tâm Học liệu Trường Đại học Cần Thơ